00227nam a2200097Ia 4500008004100000100001600041245002300057260002500080942000700105999001700112190216s9999||||xx |||||||||||||| ||und|| aKhanna. Ml 0aTheory Of Equation bPragathi Prakashan cBK c32593d32593